000 00506nam a22001937a 4500
005 20260515114940.0
008 230321b ||||| |||| 00| 0 eng d
020 _a8176653594
040 _aIN-DiNC
_cIN-DiNC
041 _dasm
082 _a610
_bBOR
100 _aBorgohain, Humen
_eauthor
245 _aSwasthya rakshar sahaj niyam/
_cby Homen Borgohain
250 _a6th ed.
260 _aGuwahati:
_bStudents stores,
_c2016.
300 _a144p.
650 _aMedicine and health
942 _2ddc
_cBK
999 _c11483
_d11483